Winningest College Football Teams - Statistics

General Stats
  • This quiz has been taken 48 times
  • The average score is 8 of 10
Answer Stats
Wins Program % Correct
1005 Michigan
100%
967 Alabama
98%
966 Ohio State
93%
950 Texas
93%
949 Notre Dame
89%
946 Oklahoma
89%
932 Penn State
82%
919 Nebraska
73%
936 Yale
49%
901 Harvard
47%
No matching quizzes found
Score Distribution
Percent of People with Each Score
Percentile by Number Answered
Your Score History
You have not taken this quiz